000 003380000a22001450004500
003 MACL
040 _aMACL
090 _c8883
_d8882
100 _aBanerjee Dube, Ishita
245 _aThemes in Indian History
_bCaste in History
260 _bOxford University Press
_c2008
350 _a695
650 _aSocial Science
942 _cBOOK
_k300
999 _c8828
_d8828